000 00948nas a2200325 4500
001 BR0402784
003 BR-BrBNA
005 20231205104557.0
007 ta
008 230509b bl.|||p| |||| 00| 00por d
040 _aBR-BrBNA
_bpor
_cBiblioteca Nacional de Agricultura
041 _a(Pt)
072 _aK10; F63
100 1 _aMelo, V.A.
100 1 _aGriffith, J.J.
100 1 _aDe Marco Júnior, P.
100 1 _aSilva, E.
100 1 _aSouza, A.L. de
100 1 _aGuedes, M.C.
100 1 _aOzório, T.F.
245 1 _aEfeito de poleiros artificiais na dispersão de sementes por aves
650 _aEUCALIPTO
650 _aAVE DOMÉSTICA
650 _aDISPERSÃO DE SEMENTE
650 _aVEGETAÇÃO NATIVA
650 _aRECUPERAÇÃO DO SOLO
773 0 _tRevista Árvore (Brazil)
_xISSN 0100-6762
_g(Jul-Sep 2000), v. 24(3) p. 235-240
_wBR0402784
909 _a202311
_bLúcia
_c55
_dLúcia Elande
942 _2AGRIS
_n0
_cANA
999 _c178800
_d178800